00970cam a2200217 a 450000100060000000300080000600500170001400800410003103500180007204000660009004100080015608200280016411000920019224501120028426000630039630000310045965000820049065000750057271000460064778500590069351660BD-RjUL20211209075709.0160831s19669999enkar r 0 a0eng  a BD-RjUL51780 aDLCcDLCdNSDPdOCoLCdNSTdMHdNSTdOCoLCdCaQQLdOCoLCbeng aeng 4a378.10570941bCOM 1966 2 aCommittee of Vice-Chancellors and Principals of the Universities of the United Kingdom.12aA compendium of university entrance requirements for first degree courses in the United Kingdom in 1967-68  aLondon :bAssociation of Commonwealth Universities,c1966  a235 p. : bill. ; c29 cm. 0aUniversities and collegeszGreat BritainxEntrance requirementsvDirectories. 6aUniversitészGrande-BretagnexConditions d'admissionvRépertoires.2 aAssociation of Commonwealth Universities.00tUniversity entrancew(DLC)sn 87044994w(OCoLC)16156126